000 00333 a2200157 4500
001 169760
020 _a
040 _cMagnum
100 _aFry, Plantagenet Somerset
240 1 0 _aHistoria do mundo/v.2
_lpor
245 1 0 _aHistoria do mundo/v.2
362 0 _a1899
440 1 _aGlobo
697 _aHISTORIA GERAL
942 _cBK
999 _c169760
_d169760